| 000 | 00456nam a2200133 a 4500 | ||
|---|---|---|---|
| 008 | 120416s1974 xx |||||||||||||| || u | ||
| 050 | _aHB 171.5 Hey | ||
| 100 | _aHeyne, Paul | ||
| 245 | 1 | 0 | _aInstructor's guide [to] The Economic way of thinking |
| 250 | _a4th ed. | ||
| 260 | _c1974 | ||
| 350 | _a0.00 | ||
| 995 |
_D0.00 _FCBU-MAIN LIBRARY (Kitwe) _H1 _I13.95 _ULOST _ZMain Library Open Access Collection |
||
| 999 |
_c47090 _d47090 |
||